000 00386nmm a2200145 a 4500
003 AR-BaBNM
005 20251128203107.0
008 073119s1908 ||||||||||||||000 | spa||
040 _cAR-BaBNM
100 1 _aBecker, Jerónimo
245 1 0 _aRelaciones diplomáticas entre España y la Santa Sede
260 _a[S.l.]
_bJaime Ratés Martín
_c1908
942 _cBK
998 _cMATO MOURAZOS
999 _c1859
_d1859